| 000 | 01493cam a22004095a 4500 | ||
|---|---|---|---|
| 999 |
_c14379 _d14379 |
||
| 003 | EG-ScBUE | ||
| 005 | 20210815125707.0 | ||
| 006 | m||||fq||h 00| 0 | ||
| 008 | 100705m20122013enka f 000 0 eng d | ||
| 020 | _a0194304965 | ||
| 020 | _a9780194304962 | ||
| 020 | _a9780194302449 (MultiROM) | ||
| 020 | _a9780194304948 | ||
| 020 | _a9780194304900 | ||
| 040 |
_aEG-ScBUE _beng _erda _cEG-ScBUE _dEG-ScBUE |
||
| 082 | 0 | 4 |
_a428.24076 _bMCK _222 |
| 100 | 1 |
_aMcKenna, Joe, _eauthor. _915916 |
|
| 245 | 1 | 0 |
_aEnglish result, _pWorkbook / _cJoe McKenna. |
| 246 | 3 | 3 | _aWorkbook |
| 264 | 1 |
_aOxford ; _bOxford University Press, _c2013. |
|
| 300 |
_a95 pages : _billustrations (some color) ; _c28 cm + _e1 CD |
||
| 336 |
_2rdacontent _atext _btxt |
||
| 336 |
_2rdacontent _asounds _bsnd |
||
| 337 |
_2rdamedia _aunmediated _bn |
||
| 337 |
_2rdamedia _aaudio _bs |
||
| 338 |
_2rdacarrier _avolume _bnc |
||
| 338 |
_2rdacarrier _acomputer disc _bcd |
||
| 505 | 0 | _aElementary -- Intermediate. | |
| 520 | _aA new general English course with a strong focus on student motivation and communicative speaking outcomes. Package includes DVDs and interactive whiteboard resources. | ||
| 650 | 7 |
_aEnglish language _xExaminations _vStudy guides. _2BUEsh |
|
| 651 | _2BUEsh | ||
| 653 |
_bHHUUEENN _cOctober2018 |
||
| 655 |
_vReading book _934232 |
||
| 856 | 4 | 2 |
_3Free interactive practice test _uhttps://www.oxfordenglishtesting.com/DefaultMR.aspx?id=3034&menuId=1 |
| 942 |
_2ddc _cBB |
||